Controlling im digitalen Zeitalter herausforderungen und Best-Practice-Lösungen
Salvato in:
| Altri autori: | , |
|---|---|
| Natura: | Libro |
| Lingua: | tedesco |
| Pubblicazione: |
Stuttgart
Schäffer-Poeschel Verlag
2015
|
| Soggetti: | |
| Tags: |
Nessun Tag, puoi essere il primo ad aggiungerne!!
|
MARC
| LEADER | 00000nam a2200000 4500 | ||
|---|---|---|---|
| 001 | 0235116 | ||
| 005 | 20230109073016.9 | ||
| 020 | |a 978-3-7910-3482-9 | ||
| 041 | 0 | |a ger | |
| 044 | |a DE | ||
| 245 | 1 | 0 | |a Controlling im digitalen Zeitalter |b herausforderungen und Best-Practice-Lösungen |c Péter Horváth, Uwe Michel (Hrsg.) |
| 264 | 1 | |a Stuttgart |b Schäffer-Poeschel Verlag |c 2015 | |
| 300 | |a 237 s. | ||
| 610 | 2 | 0 | |a kontroling |
| 610 | 2 | 0 | |a spoločnosť informačná |
| 610 | 2 | 0 | |a technológie informačné |
| 610 | 2 | 0 | |a technológie komunikačné |
| 610 | 2 | 0 | |a priemysel 4.0 |
| 610 | 2 | 0 | |a správa verejná |
| 700 | 1 | |a Horváth, Peter | |
| 700 | 1 | |a Michel, Uwe | |